Statistics for Flat Earth Fiction

Click here to take the quiz!

General Stats

  • This quiz has been taken 39 times
  • The average score is 12 of 15

Answer Stats

HintAnswer% Correct
Do Flat-Earthers call our current education system indoctrination? | Does zooming in on objects with a camera bring them back from behind apparent obstructions? | Should we feel constant velocity? (Remember...put yourself in FE mindset) | Will world military forces stop you from finding the edge/dome?Yes
94%
Does water stick to a spinning ball? (Experiments done on Earth using small masses)No
94%
Did you intelligence level drop after taking this quiz?YES
94%
Which pole is the center of the Flat-Earth disk?North
92%
What accelerating "force" relating to Earth's mass is completely discarded by Flat-Earthers?Gravity
86%
Which continent encompasses the entirety of the near 80,000 mile rim of the flat-Earth?Antarctica
81%
Neil Armstrong never landed on the ___ and therefore NASA is lying about the shape of the EarthMoon
75%
This religious book proves that the Earth is flatBible
75%
Flat-Earthers can't see the ___ of the Earth and therefore it doesn't exist.Curve
61%
NASA, Isaac Newton, Galileo, Einstein, Pythagoras, etc are all part of a massive _____ to cover up the Flat-EarthConspiracy
58%
Astronauts are suspended by ___ when they pretend to be in zero gravity at the International Space StationWires
42%
Flat-Earth laws of ___ dictate that the Sun can be brought back above the horizon with a camera zoomPerspective
22%

Score Distribution

Percentile by Number Answered

Percent of People with Each Score

Your Score History

You have not taken this quiz